| 000 | 00646nam a2200193 4500 | ||
|---|---|---|---|
| 001 | 127968 | ||
| 003 | ES-MaACL | ||
| 005 | 20251003063123.0 | ||
| 007 | t| | ||
| 008 | 070214n19001990sp r ||||1| spa d | ||
| 100 | 1 |
_aRíos, Sixto, _d1913-2008 _997375 |
|
| 245 | 1 | 0 |
_aIntroducción a la teoría de series trigonométricas / _cSixto Ríos ; conferencias explicadas con la colaboración de J. Béjar, T. Iglesias. |
| 260 |
_aMadrid : _bC. Bermejo, _c[19__?] |
||
| 300 |
_a102 p. : _bil. ; _c25 cm. |
||
| 700 | 1 |
_aBéjar, J. _927084 |
|
| 700 | 1 |
_aIglesias, T. _965092 |
|
| 852 |
_aES-MaACL _jD-7198 _bR.29211 |
||
| 999 |
_c127968 _d127968 |
||